000 00489nam a2200193Ia 4500
005 20241004023633.0
008 240331s9999 xx 000 0 und d
020 _a0631148051
082 _bFEM
_a820
245 0 _aFeminist lterary theory :
_ba reader
260 _aMassachusetts
_bBlackwell Publishers
_c1986
300 _axiv, 237 p .,
650 _aEnglish Literature
650 _aHistory
650 _aCriticus
650 _aFeminist
700 _aEagleton, M.
_eedt
942 _cL
999 _c3153
_d3153